Frontiers in biodiversity studies /

Guardado en:
Autor Principal: Thangadurai, D.
Otros Autores: Busso, Carlos Alberto.
Formato: Libro
Idioma:Undetermined
Publicado: New Delhi : I.K. International Publishing, 2012.
Etiquetas: Agregar Etiqueta
Sin Etiquetas, Sea el primero en etiquetar este registro!
LEADER 00565nam a22001455a 4500
001 EEA.libagro009392
005 20170925104609.0
008 140213s2012####xx#a##########000#0#und#d
020 |a 9789381141526 
100 1 |a Thangadurai, D. 
245 1 0 |a Frontiers in biodiversity studies /  |c Devarajan Thangadurai, Carlos Alberto Busso, Luis Gerardo Abarca Arenas, Sangeetha Jayabalan. 
260 |a New Delhi :  |b I.K. International Publishing,  |c 2012. 
300 |a xv, 417 p. :  |b il. ;  |c 24 cm. 
700 1 |a Busso, Carlos Alberto. 
859 |a AR-BbBCA  |b BIB. AGRONOMIA  |h 333.9513  |i T367  |p 2014/6333